Statistiken für Länder mit Doppelbuchstaben

Klicken Sie hier um das Quiz zu spielen!

Allgemein

  • Dieses Quiz wurde 317 mal gespielt
    (233 seit der letzten Aktualisierung)
  • Das Durchschnittsergebnis liegt bei 9 aus 16

Antwortstatistiken

GruppeBuchstabeLand% Korrekt
EuropaSRussland
86%
EuropaTLettland
79%
AfrikaKMarokko
79%
EuropaNFinnland
78%
OzeanienENeuseeland
78%
EuropaRAndorra
66%
AsienPPhilippinen
64%
EuropaRÖsterreich
62%
NordamerikaAVereinigte Staaten
58%
OzeanienLMarshall-Inseln
51%
NordamerikaTSt. Kitts und Nevis
47%
AfrikaRSierra Leone
41%
AfrikaLSeychellen
39%
AfrikaSGuinea-Bissau
35%
AsienTOsttimor
34%
OzeanienAFöderierte Staaten von Mikronesien
27%

Verteilung der Resultate

Perzentil nach korrekt beantworteten Fragen

Anzahl Personen mit jedem Resultat

Ihre Resultats-Entwicklung

Sie haben dieses Quiz seit der letzten Aktualisierung nicht gespielt